Speaking of the self : (Record no. 143733)

MARC details
000 -LEADER
fixed length control field 00704nam a22002057a 4500
005 - DATE AND TIME OF LATEST TRANSACTION
control field 20170823171016.0
010 ## - LCCN (DPL NO)
LC control number ENG-120031
020 ## - INTERNATIONAL STANDARD BOOK NUMBER
International Standard Book Number 9789385932380
Terms of availability 695.00
035 ## - SYSTEM CONTROL NUMBER
System control number EN-103563
037 ## - SOURCE OF ACQUISITION
Source of stock number/acquisition DBAD/PUB
082 ## - DEWEY DECIMAL CLASSIFICATION NUMBER
Classification number 920.00954
245 ## - TITLE STATEMENT
Title Speaking of the self :
Remainder of title gender,performance,and autobiography in South Asia/
Statement of responsibility, etc edited by Anshu Malhotra [and] Siobhan lambert-Hurley
260 ## - PUBLICATION, DISTRIBUTION, ETC. (IMPRINT)
Place of publication, distribution, etc New Delhi
Name of publisher, distributor, etc Zuban
Date of publication, distribution, etc 2015
270 ## - ADDRESS
Address 128,B,Shahpur Jat,Ist floor
City New Delhi
Postal code 110049
300 ## - PHYSICAL DESCRIPTION
Extent 312p.
Dimensions 23cm(Hb)
500 ## - GENERAL NOTE
General note Includes bibliographical references and index
700 ## - ADDED ENTRY--PERSONAL NAME
Personal name Malhotra,Anshu
700 ## - ADDED ENTRY--PERSONAL NAME
Personal name lambert-Hurley,Siobhan
942 ## - ADDED ENTRY ELEMENTS (KOHA)
Source of classification or shelving scheme Dewey Decimal Classification
Item type English Books
Classification part 920.00954
Call number suffix SPE
Holdings
Withdrawn status Lost status Not for loan Home library Current library Date acquired Source of acquisition Cost, normal purchase price Full call number Barcode Copy number Cost, replacement price Koha item type
    Not For Loan D.B.Act.Division Bawana 23/08/2017 DBAD/PUB 695.00 920.00954 SPE EN-103563 1 695.00 English Books

© Delhi Public Library
Hit Counter
free hit counter